000 00522nam a2200217Ia 4500
003 OSt
005 20220928144549.0
006 a|||||r|||| 00| 0
007 ta
008 220927b |||||||| |||| 00| 0 eng d
024 _a72000
037 _cTextual
040 _aSDCL
_cSDCL
_beng
041 _2eng
_aeng
082 _aO-,6NCJ, L4
100 _aCameron James.
_9508331
245 0 _aIndian summer.
260 _c1974
942 _hO-,6NCJ, L4
_cTEXL
_2CC
999 _c828063
_d828063